[Event "Team Championship Russia (Blitz, Men)"]
[Site "Sochi"]
[Date "2018.10.10"]
[Round "11.8"]
[White "Motylev, Alexander"]
[Black "Remizov, Yaroslav"]
[Result "1-0"]
[BlackElo "2227"]
[WhiteElo "2569"]
[LiveChessVersion "1.4.8"]

1. e4 {[%clk 0:03:02]} c5 {[%clk 0:03:03]} 2. Nf3 {[%clk 0:03:03]} d6
{[%clk 0:03:03]} 3. d4 {[%clk 0:03:04]} cxd4 {[%clk 0:03:05]} 4. Nxd4
{[%clk 0:03:05]} Nf6 {[%clk 0:03:06]} 5. Nc3 {[%clk 0:03:05]} g6 {[%clk 0:03:07]}
6. Be3 {[%clk 0:03:03]} Bg7 {[%clk 0:03:09]} 7. f3 {[%clk 0:03:04]} a6
{[%clk 0:03:09]} 8. Qd2 {[%clk 0:02:56]} Nbd7 {[%clk 0:03:10]} 9. g4
{[%clk 0:02:52]} b5 {[%clk 0:03:08]} 10. g5 {[%clk 0:02:33]} Nh5 {[%clk 0:03:09]}
11. a4 {[%clk 0:02:26]} b4 {[%clk 0:01:54]} 12. Nd5 {[%clk 0:02:26]} Bb7
{[%clk 0:01:53]} 13. Nxb4 {[%clk 0:02:21]} O-O {[%clk 0:01:50]} 14. Nbc6
{[%clk 0:02:17]} Qc7 {[%clk 0:01:31]} 15. Qa5 {[%clk 0:02:05]} Rfc8
{[%clk 0:00:58]} 16. Nxe7+ {[%clk 0:01:52]} Kf8 {[%clk 0:00:58]} 17. Qxc7
{[%clk 0:01:52]} Rxc7 {[%clk 0:00:59]} 18. Nd5 {[%clk 0:01:53]} Bxd5
{[%clk 0:01:01]} 19. exd5 {[%clk 0:01:54]} Re8 {[%clk 0:00:32]} 20. Kd2
{[%clk 0:01:54]} Nb6 {[%clk 0:00:33]} 21. Bxa6 {[%clk 0:01:03]} Nxd5
{[%clk 0:00:32]} 22. Bf2 {[%clk 0:01:05]} Nb4 {[%clk 0:00:21]} 23. Bd3
{[%clk 0:01:04]} Nf4 {[%clk 0:00:22]} 24. Rhe1 {[%clk 0:00:50]} Rxe1
{[%clk 0:00:15]} 25. Rxe1 {[%clk 0:00:49]} Nfxd3 26. cxd3 {[%clk 0:00:48]} Bxd4
{[%clk 0:00:16]} 27. Bxd4 Rc2+ 28. Ke3 {[%clk 0:00:42]} Rxh2 {[%clk 0:00:18]} 29.
Rg1 {[%clk 0:00:12]} Nc2+ {[%clk 0:00:15]} 30. Ke4 {[%clk 0:00:13]} Nxd4
{[%clk 0:00:09]} 31. Kxd4 {[%clk 0:00:14]} Rxb2 {[%clk 0:00:10]} 32. Ra1
{[%clk 0:00:15]} Ke7 {[%clk 0:00:06]} 33. a5 {[%clk 0:00:16]} Kd7
{[%clk 0:00:06]} 34. a6 {[%clk 0:00:17]} Rb4+ {[%clk 0:00:06]} 35. Kd5
{[%clk 0:00:17]} Rb5+ {[%clk 0:00:05]} 36. Kc4 {[%clk 0:00:19]} Rb8
{[%clk 0:00:04]} 37. a7 {[%clk 0:00:20]} Ra8 {[%clk 0:00:05]} 38. Kb5
{[%clk 0:00:21]} Kc7 {[%clk 0:00:06]} 39. Ka6 {[%clk 0:00:22]} d5
{[%clk 0:00:04]} 40. Rc1+ {[%clk 0:00:24]} Kd6 {[%clk 0:00:05]} 41. Kb7
{[%clk 0:00:25]} Rxa7+ {[%clk 0:00:04]} 42. Kxa7 {[%clk 0:00:26]} Ke5
{[%clk 0:00:05]} 43. Rh1 {[%clk 0:00:26]} f6 {[%clk 0:00:00]} 44. gxf6 1-0

[Event "Team Championship Russia (Blitz, Men)"]
[Site "Sochi"]
[Date "2018.10.10"]
[Round "11.9"]
[White "Paravyan, David"]
[Black "Bocharov, Ivan"]
[Result "0-1"]
[BlackElo "2667"]
[WhiteElo "2634"]
[LiveChessVersion "1.4.8"]

1. e4 {[%clk 0:03:04]} e5 {[%clk 0:03:04]} 2. Nf3 Nc6 3. Bb5 {[%clk 0:03:05]} a6
{[%clk 0:03:07]} 4. Ba4 {[%clk 0:03:06]} Nf6 {[%clk 0:03:08]} 5. O-O Be7 6. d3
{[%clk 0:03:08]} b5 {[%clk 0:03:07]} 7. Bb3 {[%clk 0:03:09]} d6 {[%clk 0:03:07]}
8. Bd2 {[%clk 0:03:05]} O-O {[%clk 0:03:04]} 9. Re1 {[%clk 0:03:06]} Nb8
{[%clk 0:03:02]} 10. a4 {[%clk 0:03:07]} Bb7 {[%clk 0:03:03]} 11. Nc3
{[%clk 0:03:07]} b4 {[%clk 0:03:00]} 12. Ne2 {[%clk 0:03:08]} c5 {[%clk 0:02:54]}
13. Ng3 {[%clk 0:03:09]} Nc6 {[%clk 0:02:40]} 14. Nf5 {[%clk 0:03:10]} Bc8
{[%clk 0:02:30]} 15. Nxe7+ {[%clk 0:02:35]} Nxe7 {[%clk 0:02:27]} 16. c3
{[%clk 0:02:35]} a5 {[%clk 0:02:26]} 17. d4 {[%clk 0:02:35]} Ng6 {[%clk 0:02:23]}
18. dxc5 {[%clk 0:02:35]} dxc5 {[%clk 0:02:24]} 19. Be3 {[%clk 0:02:35]} Qc7
{[%clk 0:02:23]} 20. Bd5 {[%clk 0:02:31]} Nxd5 {[%clk 0:02:09]} 21. Qxd5
{[%clk 0:02:32]} Ra6 {[%clk 0:01:37]} 22. cxb4 {[%clk 0:02:32]} cxb4
{[%clk 0:01:33]} 23. Rac1 {[%clk 0:02:34]} Qb7 {[%clk 0:01:32]} 24. Red1
{[%clk 0:02:21]} Qxd5 {[%clk 0:01:31]} 25. exd5 {[%clk 0:02:18]} Bd7
{[%clk 0:01:12]} 26. b3 {[%clk 0:02:17]} f6 {[%clk 0:01:07]} 27. Rc7
{[%clk 0:02:16]} Rd8 {[%clk 0:01:09]} 28. h3 {[%clk 0:02:05]} Bf5
{[%clk 0:01:04]} 29. Bc5 {[%clk 0:01:56]} Bc2 {[%clk 0:01:03]} 30. Rd2
{[%clk 0:01:15]} Bxb3 {[%clk 0:01:04]} 31. d6 {[%clk 0:01:17]} Bxa4
{[%clk 0:01:05]} 32. d7 {[%clk 0:01:10]} Rc6 {[%clk 0:01:04]} 33. Rxc6
{[%clk 0:01:07]} Bxc6 {[%clk 0:01:05]} 34. Rd6 {[%clk 0:01:05]} Ba4
{[%clk 0:00:57]} 35. Ra6 {[%clk 0:00:59]} Bxd7 {[%clk 0:00:52]} 36. Rxa5
{[%clk 0:00:58]} b3 {[%clk 0:00:50]} 37. Ba3 {[%clk 0:00:20]} Bc6
{[%clk 0:00:50]} 38. Ra6 {[%clk 0:00:07]} Bxf3 {[%clk 0:00:50]} 39. gxf3
{[%clk 0:00:08]} Rb8 {[%clk 0:00:50]} 40. Bb2 {[%clk 0:00:07]} Nh4
{[%clk 0:00:52]} 41. Kf1 {[%clk 0:00:05]} Nxf3 {[%clk 0:00:53]} 42. Ra4
{[%clk 0:00:04]} h5 {[%clk 0:00:47]} 43. Ke2 {[%clk 0:00:05]} Ng1+
{[%clk 0:00:48]} 44. Ke3 {[%clk 0:00:03]} Nxh3 {[%clk 0:00:49]} 45. Ra7
{[%clk 0:00:03]} Nf4 {[%clk 0:00:48]} 46. Ke4 {[%clk 0:00:04]} h4
{[%clk 0:00:47]} 47. Kf5 {[%clk 0:00:04]} h3 {[%clk 0:00:48]} 48. f3
{[%clk 0:00:04]} h2 {[%clk 0:00:46]} 49. Ra1 {[%clk 0:00:05]} Rc8
{[%clk 0:00:47]} 50. Rh1 {[%clk 0:00:03]} Rc2 {[%clk 0:00:48]} 51. Ba3
{[%clk 0:00:03]} b2 {[%clk 0:00:44]} 52. Ke4 {[%clk 0:00:03]} Rc1
{[%clk 0:00:43]} 53. Kd4 0-1

[Event "Team Championship Russia (Blitz, Men)"]
[Site "Sochi"]
[Date "2018.10.10"]
[Round "11.10"]
[White "Bocharov, Dmitry"]
[Black "Antipov, Mikhail Al."]
[Result "0-1"]
[BlackElo "2491"]
[WhiteElo "2649"]
[LiveChessVersion "1.4.8"]

1. Nf3 {[%clk 0:03:02]} Nf6 {[%clk 0:03:03]} 2. g3 {[%clk 0:03:02]} d5
{[%clk 0:03:04]} 3. Bg2 {[%clk 0:03:03]} c6 {[%clk 0:03:05]} 4. O-O
{[%clk 0:03:04]} a6 {[%clk 0:03:06]} 5. d3 {[%clk 0:03:02]} Bf5 {[%clk 0:03:07]}
6. Nh4 {[%clk 0:03:03]} Bg4 {[%clk 0:03:03]} 7. h3 {[%clk 0:03:04]} Bc8
{[%clk 0:02:54]} 8. e4 {[%clk 0:03:01]} dxe4 {[%clk 0:02:00]} 9. dxe4
{[%clk 0:03:02]} Qxd1 {[%clk 0:02:01]} 10. Rxd1 {[%clk 0:03:02]} e5
{[%clk 0:02:02]} 11. Nd2 {[%clk 0:02:59]} Be6 {[%clk 0:01:49]} 12. Nhf3
{[%clk 0:02:58]} Bd6 {[%clk 0:01:36]} 13. b3 {[%clk 0:02:44]} Nbd7
{[%clk 0:01:04]} 14. Ng5 {[%clk 0:02:40]} Nf8 {[%clk 0:00:40]} 15. Bb2
{[%clk 0:02:35]} Bc7 {[%clk 0:00:25]} 16. Nxe6 {[%clk 0:01:51]} Nxe6
{[%clk 0:00:26]} 17. Nc4 {[%clk 0:01:52]} Nd7 {[%clk 0:00:25]} 18. a4
{[%clk 0:01:52]} O-O-O {[%clk 0:00:16]} 19. a5 {[%clk 0:01:44]} Rhe8
{[%clk 0:00:17]} 20. h4 {[%clk 0:01:45]} Kb8 {[%clk 0:00:09]} 21. Bh3
{[%clk 0:01:43]} f6 {[%clk 0:00:09]} 22. Bxe6 {[%clk 0:01:22]} Rxe6
{[%clk 0:00:09]} 23. Ba3 {[%clk 0:01:23]} Ree8 {[%clk 0:00:07]} 24. Kg2
{[%clk 0:01:22]} Nf8 {[%clk 0:00:05]} 25. Bxf8 {[%clk 0:01:11]} Rxf8
{[%clk 0:00:06]} 26. h5 {[%clk 0:01:10]} Rxd1 {[%clk 0:00:04]} 27. Rxd1
{[%clk 0:01:11]} Kc8 {[%clk 0:00:05]} 28. Kf3 {[%clk 0:01:07]} Rd8
{[%clk 0:00:06]} 29. Rh1 {[%clk 0:00:57]} Kd7 {[%clk 0:00:07]} 30. Ke2
{[%clk 0:00:55]} Ke6 {[%clk 0:00:08]} 31. c3 {[%clk 0:00:53]} Rd7
{[%clk 0:00:08]} 32. g4 {[%clk 0:00:53]} h6 {[%clk 0:00:07]} 33. b4
{[%clk 0:00:49]} Bd6 {[%clk 0:00:05]} 34. Rd1 {[%clk 0:00:44]} Bf8
{[%clk 0:00:06]} 35. Rxd7 {[%clk 0:00:44]} Kxd7 {[%clk 0:00:07]} 36. Ne3
{[%clk 0:00:39]} Ke6 {[%clk 0:00:03]} 37. Kd3 {[%clk 0:00:39]} Kd7
{[%clk 0:00:03]} 38. Kc4 {[%clk 0:00:40]} Ke6 {[%clk 0:00:04]} 39. Nf5
{[%clk 0:00:38]} Kf7 {[%clk 0:00:05]} 40. Kb3 {[%clk 0:00:36]} Ke6
{[%clk 0:00:05]} 41. f3 {[%clk 0:00:37]} Kd7 {[%clk 0:00:05]} 42. c4
{[%clk 0:00:36]} Ke6 {[%clk 0:00:05]} 43. Ka4 {[%clk 0:00:36]} Kd7
{[%clk 0:00:06]} 44. b5 {[%clk 0:00:34]} Ke6 {[%clk 0:00:05]} 45. bxa6
{[%clk 0:00:33]} bxa6 {[%clk 0:00:06]} 46. Kb3 {[%clk 0:00:33]} Kf7
{[%clk 0:00:06]} 47. Kc3 {[%clk 0:00:31]} Bc5 {[%clk 0:00:06]} 48. Nh4
{[%clk 0:00:17]} Bf2 {[%clk 0:00:05]} 49. Ng2 {[%clk 0:00:14]} Ke6
{[%clk 0:00:05]} 50. Kb4 Kd6 {[%clk 0:00:05]} 51. Kb3 {[%clk 0:00:14]} Kc5
{[%clk 0:00:04]} 52. Kc3 {[%clk 0:00:15]} Bd4+ {[%clk 0:00:04]} 53. Kb3
{[%clk 0:00:17]} Bf2 {[%clk 0:00:05]} 54. Kc3 {[%clk 0:00:18]} Kd6
{[%clk 0:00:05]} 55. Kb4 {[%clk 0:00:17]} Bc5+ {[%clk 0:00:04]} 56. Kc3
{[%clk 0:00:18]} Bf2 {[%clk 0:00:05]} 57. Kb4 {[%clk 0:00:19]} Kd7
{[%clk 0:00:05]} 58. Kc3 {[%clk 0:00:16]} Ke6 {[%clk 0:00:06]} 59. Kb3
{[%clk 0:00:16]} Kf7 {[%clk 0:00:04]} 60. Kc3 {[%clk 0:00:16]} Bg3
{[%clk 0:00:04]} 61. Kb4 {[%clk 0:00:14]} Bf2 {[%clk 0:00:05]} 62. Kc3
{[%clk 0:00:16]} Ke7 {[%clk 0:00:06]} 63. Kb4 {[%clk 0:00:16]} Kd6
{[%clk 0:00:05]} 64. Kb3 {[%clk 0:00:16]} Ke6 {[%clk 0:00:05]} 65. Kc3
{[%clk 0:00:16]} Kf7 {[%clk 0:00:06]} 66. Kb4 {[%clk 0:00:16]} g6
{[%clk 0:00:06]} 67. Kc3 {[%clk 0:00:12]} gxh5 {[%clk 0:00:06]} 68. gxh5
{[%clk 0:00:13]} f5 {[%clk 0:00:04]} 69. Kd3 {[%clk 0:00:12]} f4 {[%clk 0:00:03]}
70. Kc3 {[%clk 0:00:13]} Kf6 {[%clk 0:00:04]} 71. Kd3 {[%clk 0:00:14]} Kg5
{[%clk 0:00:05]} 72. Ke2 {[%clk 0:00:15]} Bg3 {[%clk 0:00:05]} 73. Kf1
{[%clk 0:00:13]} Kxh5 {[%clk 0:00:06]} 74. Kg1 {[%clk 0:00:13]} Kg5
{[%clk 0:00:06]} 75. Kh1 {[%clk 0:00:13]} Bf2 {[%clk 0:00:05]} 76. Kh2
{[%clk 0:00:14]} Bg3+ {[%clk 0:00:05]} 77. Kh3 {[%clk 0:00:15]} c5
{[%clk 0:00:04]} 0-1

[Event "Team Championship Russia (Blitz, Men)"]
[Site "Sochi"]
[Date "2018.10.10"]
[Round "11.11"]
[White "Yuffa, Daniil"]
[Black "Khanin, Semen"]
[Result "0-1"]
[BlackElo "2545"]
[WhiteElo "2470"]
[LiveChessVersion "1.4.8"]

1. d4 {[%clk 0:03:03]} Nf6 2. c4 e6 {[%clk 0:03:04]} 3. g3 {[%clk 0:03:06]} Bb4+
{[%clk 0:02:53]} 4. Bd2 {[%clk 0:03:07]} Bxd2+ {[%clk 0:02:54]} 5. Qxd2
{[%clk 0:03:08]} O-O {[%clk 0:02:53]} 6. Bg2 {[%clk 0:03:09]} d5 {[%clk 0:02:54]}
7. Nf3 {[%clk 0:03:10]} Qe7 {[%clk 0:02:52]} 8. O-O {[%clk 0:03:10]} Rd8
{[%clk 0:02:51]} 9. Qc2 {[%clk 0:03:03]} Nc6 {[%clk 0:02:49]} 10. e3
{[%clk 0:02:39]} e5 {[%clk 0:02:19]} 11. Nbd2 {[%clk 0:02:24]} exd4
{[%clk 0:02:12]} 12. exd4 {[%clk 0:02:25]} dxc4 {[%clk 0:02:10]} 13. Rfe1
{[%clk 0:02:26]} Qf8 {[%clk 0:01:42]} 14. Qxc4 {[%clk 0:02:26]} Be6
{[%clk 0:01:29]} 15. Qc3 {[%clk 0:01:54]} Bd5 {[%clk 0:01:30]} 16. Nc4
{[%clk 0:01:47]} h6 {[%clk 0:01:24]} 17. Rad1 {[%clk 0:01:41]} Qb4
{[%clk 0:01:15]} 18. Ne3 {[%clk 0:01:26]} Bxf3 {[%clk 0:00:43]} 19. Bxf3
{[%clk 0:01:24]} Rxd4 {[%clk 0:00:44]} 20. Bxc6 {[%clk 0:01:20]} Qxc3
{[%clk 0:00:38]} 21. bxc3 {[%clk 0:01:18]} Rxd1 {[%clk 0:00:39]} 22. Rxd1
{[%clk 0:00:57]} bxc6 {[%clk 0:00:40]} 23. Nf5 {[%clk 0:00:56]} Re8
{[%clk 0:00:34]} 24. Rb1 {[%clk 0:00:57]} g6 {[%clk 0:00:23]} 25. Nd4
{[%clk 0:00:49]} c5 {[%clk 0:00:23]} 26. Nc6 {[%clk 0:00:45]} Re2
{[%clk 0:00:21]} 27. a4 {[%clk 0:00:40]} a6 {[%clk 0:00:17]} 28. Rb8+
{[%clk 0:00:27]} Kg7 {[%clk 0:00:18]} 29. Ra8 {[%clk 0:00:29]} Ne4
{[%clk 0:00:11]} 30. Rxa6 {[%clk 0:00:28]} Nxf2 {[%clk 0:00:12]} 31. a5
{[%clk 0:00:21]} Ra2 {[%clk 0:00:11]} 32. Ra8 {[%clk 0:00:21]} Ne4
{[%clk 0:00:06]} 33. c4 {[%clk 0:00:18]} Nd2 {[%clk 0:00:06]} 34. a6
{[%clk 0:00:18]} Nf3+ {[%clk 0:00:07]} 35. Kf1 {[%clk 0:00:18]} Rd2
{[%clk 0:00:06]} 36. Ne5 {[%clk 0:00:10]} Nxe5 {[%clk 0:00:05]} 37. a7
{[%clk 0:00:12]} Ra2 {[%clk 0:00:06]} 38. Re8 {[%clk 0:00:11]} Rxa7
{[%clk 0:00:05]} 39. Rxe5 {[%clk 0:00:12]} Ra5 {[%clk 0:00:05]} 40. Kg2
{[%clk 0:00:11]} Kf6 {[%clk 0:00:06]} 41. Rd5 {[%clk 0:00:13]} Ke6
{[%clk 0:00:06]} 42. h4 {[%clk 0:00:13]} c6 {[%clk 0:00:07]} 43. Rd8
{[%clk 0:00:11]} Ra4 {[%clk 0:00:08]} 44. Re8+ {[%clk 0:00:12]} Kf6
{[%clk 0:00:09]} 45. Rc8 {[%clk 0:00:13]} Rxc4 {[%clk 0:00:09]} 46. Rxc6+
{[%clk 0:00:14]} Kf5 {[%clk 0:00:10]} 47. Kh3 {[%clk 0:00:12]} h5
{[%clk 0:00:10]} 48. Rc7 {[%clk 0:00:11]} f6 {[%clk 0:00:11]} 49. Rc6
{[%clk 0:00:11]} Rc2 {[%clk 0:00:12]} 50. Rc7 {[%clk 0:00:08]} c4
{[%clk 0:00:13]} 51. Rc5+ {[%clk 0:00:07]} Ke4 {[%clk 0:00:14]} 52. Rc6
{[%clk 0:00:09]} Ke5 {[%clk 0:00:13]} 53. Rc5+ {[%clk 0:00:10]} Kd4 54. Rc6 Rf2
{[%clk 0:00:15]} 55. Rd6+ {[%clk 0:00:08]} Ke3 {[%clk 0:00:16]} 56. Re6+
{[%clk 0:00:09]} Kd2 {[%clk 0:00:17]} 57. Rd6+ {[%clk 0:00:10]} Kc2
{[%clk 0:00:17]} 58. g4 {[%clk 0:00:07]} Rf3+ {[%clk 0:00:18]} 59. Kg2
{[%clk 0:00:09]} hxg4 {[%clk 0:00:19]} 60. Rd4 {[%clk 0:00:11]} f5
{[%clk 0:00:12]} 61. Rxc4+ {[%clk 0:00:11]} Kd3 {[%clk 0:00:13]} 62. Rc6
{[%clk 0:00:11]} Ke4 {[%clk 0:00:14]} 63. Rxg6 {[%clk 0:00:10]} Ra3
{[%clk 0:00:13]} 64. h5 {[%clk 0:00:11]} Kf4 {[%clk 0:00:13]} 65. h6
{[%clk 0:00:12]} Ra2+ {[%clk 0:00:14]} 66. Kf1 {[%clk 0:00:09]} Kf3
{[%clk 0:00:15]} 67. Ke1 {[%clk 0:00:07]} Rh2 {[%clk 0:00:15]} 68. Ra6
{[%clk 0:00:04]} g3 {[%clk 0:00:16]} 69. Ra3+ {[%clk 0:00:04]} Kg4
{[%clk 0:00:17]} 70. Ra4+ {[%clk 0:00:05]} f4 {[%clk 0:00:18]} 71. Ra6
{[%clk 0:00:06]} Rh1+ {[%clk 0:00:19]} 72. Kd2 {[%clk 0:00:07]} g2
{[%clk 0:00:19]} 73. Rg6+ {[%clk 0:00:08]} Kf3 {[%clk 0:00:20]} 0-1

[Event "Team Championship Russia (Blitz, Men)"]
[Site "Sochi"]
[Date "2018.10.10"]
[Round "11.12"]
[White "Kezin, Roman"]
[Black "Kryakvin, Dmitry"]
[Result "0-1"]
[BlackElo "2468"]
[WhiteElo "2575"]
[LiveChessVersion "1.4.8"]

1. d4 {[%clk 0:03:03]} Nf6 {[%clk 0:03:03]} 2. c4 {[%clk 0:03:04]} g6
{[%clk 0:03:05]} 3. Nc3 {[%clk 0:03:05]} Bg7 {[%clk 0:03:06]} 4. e4
{[%clk 0:03:07]} d6 {[%clk 0:03:07]} 5. Nf3 {[%clk 0:03:08]} O-O {[%clk 0:03:08]}
6. h3 {[%clk 0:03:09]} e5 {[%clk 0:02:56]} 7. d5 {[%clk 0:03:10]} a5
{[%clk 0:02:55]} 8. Bg5 {[%clk 0:03:12]} Na6 {[%clk 0:02:54]} 9. g4
{[%clk 0:03:09]} Qe8 {[%clk 0:02:51]} 10. Nd2 {[%clk 0:03:08]} Nd7
{[%clk 0:02:50]} 11. a3 {[%clk 0:03:08]} Nb6 {[%clk 0:02:37]} 12. Be2
{[%clk 0:03:02]} Bd7 {[%clk 0:02:28]} 13. Qc2 {[%clk 0:02:58]} a4
{[%clk 0:02:23]} 14. O-O-O {[%clk 0:02:49]} Nc5 {[%clk 0:02:22]} 15. Be3
{[%clk 0:02:49]} Ra5 {[%clk 0:02:04]} 16. g5 {[%clk 0:02:08]} f5 {[%clk 0:01:57]}
17. gxf6 {[%clk 0:02:05]} Rxf6 {[%clk 0:01:58]} 18. Bg4 {[%clk 0:01:56]} Qf8
{[%clk 0:01:52]} 19. Bxd7 {[%clk 0:01:51]} Nbxd7 {[%clk 0:01:51]} 20. h4
{[%clk 0:01:26]} Bh6 {[%clk 0:01:51]} 21. h5 {[%clk 0:01:25]} Bxe3
{[%clk 0:01:50]} 22. fxe3 {[%clk 0:01:25]} g5 {[%clk 0:01:51]} 23. Rdf1
{[%clk 0:01:20]} Nb3+ {[%clk 0:01:41]} 24. Kd1 {[%clk 0:01:21]} Nxd2
{[%clk 0:01:35]} 25. Rxf6 {[%clk 0:01:21]} Qxf6 {[%clk 0:01:34]} 26. Kxd2
{[%clk 0:01:21]} Qf2+ {[%clk 0:01:30]} 27. Kc1 {[%clk 0:00:55]} Qxe3+
{[%clk 0:01:31]} 28. Kb1 {[%clk 0:00:56]} Ra8 {[%clk 0:01:32]} 29. Rf1
{[%clk 0:00:46]} Rf8 {[%clk 0:01:29]} 30. Rxf8+ Nxf8 {[%clk 0:01:31]} 31. Qxa4
{[%clk 0:00:40]} g4 {[%clk 0:01:30]} 32. Qd1 {[%clk 0:00:25]} Qg5
{[%clk 0:01:19]} 33. Ne2 {[%clk 0:00:20]} g3 {[%clk 0:01:06]} 34. Qf1
{[%clk 0:00:11]} g2 {[%clk 0:01:03]} 35. Qf2 {[%clk 0:00:12]} Nd7
{[%clk 0:01:00]} 36. Ng3 {[%clk 0:00:13]} Nf6 {[%clk 0:00:58]} 37. Qxg2
{[%clk 0:00:05]} Nxh5 38. Qh3 Nxg3 {[%clk 0:00:56]} 39. Qc8+ {[%clk 0:00:08]} Kf7
{[%clk 0:00:52]} 40. Qxc7+ {[%clk 0:00:05]} Qe7 {[%clk 0:00:52]} 41. Qc8
{[%clk 0:00:06]} Nxe4 {[%clk 0:00:47]} 42. Ka2 {[%clk 0:00:07]} Nf6
{[%clk 0:00:46]} 43. a4 {[%clk 0:00:08]} e4 {[%clk 0:00:48]} 44. Qh3
{[%clk 0:00:04]} e3 {[%clk 0:00:48]} 45. Qf1 {[%clk 0:00:05]} e2 {[%clk 0:00:49]}
46. Qe1 {[%clk 0:00:07]} Qe3 {[%clk 0:00:49]} 47. a5 {[%clk 0:00:07]} Ne4
{[%clk 0:00:49]} 48. a6 {[%clk 0:00:05]} bxa6 {[%clk 0:00:50]} 0-1

[Event "Team Championship Russia (Blitz, Men)"]
[Site "Sochi"]
[Date "2018.10.10"]
[Round "11.13"]
[White "Alekseenko, Kirill"]
[Black "Rakhmanov, Aleksandr"]
[Result "0-1"]
[BlackElo "2578"]
[WhiteElo "2613"]
[LiveChessVersion "1.4.8"]

1. e4 {[%clk 0:03:03]} c5 {[%clk 0:03:04]} 2. Nc3 {[%clk 0:03:01]} Nc6
{[%clk 0:03:04]} 3. Bb5 {[%clk 0:03:02]} Nd4 {[%clk 0:03:05]} 4. Nf3
{[%clk 0:03:04]} a6 {[%clk 0:03:00]} 5. Bd3 {[%clk 0:03:03]} Nxf3+
{[%clk 0:02:57]} 6. Qxf3 {[%clk 0:03:04]} e6 {[%clk 0:02:58]} 7. O-O
{[%clk 0:03:05]} Ne7 {[%clk 0:02:59]} 8. Be2 {[%clk 0:02:57]} Nc6
{[%clk 0:03:00]} 9. Qg3 {[%clk 0:02:48]} Nd4 {[%clk 0:02:55]} 10. Bd1
{[%clk 0:02:49]} h5 {[%clk 0:02:55]} 11. h3 {[%clk 0:02:26]} h4 {[%clk 0:02:50]}
12. Qe3 {[%clk 0:02:27]} b5 {[%clk 0:02:44]} 13. Ne2 {[%clk 0:02:29]} Nxe2+
{[%clk 0:02:34]} 14. Bxe2 {[%clk 0:02:30]} Bb7 {[%clk 0:02:35]} 15. a4
{[%clk 0:02:19]} b4 {[%clk 0:02:33]} 16. d4 {[%clk 0:01:54]} cxd4
{[%clk 0:02:33]} 17. Qxd4 {[%clk 0:01:56]} Qc7 {[%clk 0:02:32]} 18. Rd1
{[%clk 0:01:52]} Bc5 {[%clk 0:02:05]} 19. Qd3 {[%clk 0:01:46]} Rd8
{[%clk 0:01:35]} 20. c4 {[%clk 0:01:04]} Qg3 {[%clk 0:01:21]} 21. Rf1
{[%clk 0:00:45]} a5 {[%clk 0:01:14]} 22. b3 {[%clk 0:00:46]} Qe5 {[%clk 0:01:11]}
23. Be3 {[%clk 0:00:31]} Bxe3 {[%clk 0:01:02]} 24. fxe3 {[%clk 0:00:22]} Qxe4
{[%clk 0:00:52]} 25. Qxe4 {[%clk 0:00:22]} Bxe4 {[%clk 0:00:53]} 26. Rad1
{[%clk 0:00:20]} Bc2 {[%clk 0:00:47]} 27. Rd2 {[%clk 0:00:19]} Bxb3
{[%clk 0:00:38]} 28. Rb2 {[%clk 0:00:18]} Bxa4 {[%clk 0:00:38]} 29. Ra1
{[%clk 0:00:19]} Bc6 {[%clk 0:00:35]} 30. Rxa5 {[%clk 0:00:20]} Rb8
{[%clk 0:00:37]} 31. Ra1 {[%clk 0:00:17]} Ke7 {[%clk 0:00:30]} 32. Rab1
{[%clk 0:00:18]} Be4 {[%clk 0:00:31]} 33. Ra1 {[%clk 0:00:17]} Rhc8
{[%clk 0:00:27]} 34. Ra4 {[%clk 0:00:15]} b3 {[%clk 0:00:22]} 35. Bd1
{[%clk 0:00:16]} Bc6 {[%clk 0:00:17]} 36. Ra3 {[%clk 0:00:15]} Rb4
{[%clk 0:00:18]} 37. c5 {[%clk 0:00:11]} Rc4 {[%clk 0:00:16]} 38. Raxb3
{[%clk 0:00:12]} Rxc5 {[%clk 0:00:15]} 39. Kh2 {[%clk 0:00:13]} g5
{[%clk 0:00:15]} 40. Rd2 {[%clk 0:00:13]} Ra8 {[%clk 0:00:17]} 41. Rb1
{[%clk 0:00:08]} Rca5 {[%clk 0:00:17]} 42. Bh5 {[%clk 0:00:07]} Ra2
{[%clk 0:00:17]} 43. Rbd1 {[%clk 0:00:09]} Rxd2 {[%clk 0:00:17]} 44. Rxd2
{[%clk 0:00:10]} f5 {[%clk 0:00:18]} 45. Kg1 {[%clk 0:00:08]} Ra3
{[%clk 0:00:14]} 46. Kf2 Bd5 47. Bf3 {[%clk 0:00:07]} Ra2 {[%clk 0:00:17]} 48.
Rxa2 {[%clk 0:00:08]} Bxa2 {[%clk 0:00:18]} 49. e4 {[%clk 0:00:05]} fxe4
{[%clk 0:00:19]} 50. Bxe4 {[%clk 0:00:06]} d5 {[%clk 0:00:20]} 51. Bd3
{[%clk 0:00:07]} e5 {[%clk 0:00:21]} 0-1

[Event "Team Championship Russia (Blitz, Men)"]
[Site "Sochi"]
[Date "2018.10.10"]
[Round "11.14"]
[White "Rozum, Ivan"]
[Black "Alekseev, Evgeny"]
[Result "0-1"]
[BlackElo "2629"]
[WhiteElo "2595"]
[LiveChessVersion "1.4.8"]

1. d4 {[%clk 0:03:03]} e6 {[%clk 0:03:04]} 2. c4 {[%clk 0:03:03]} b6
{[%clk 0:03:05]} 3. a3 {[%clk 0:03:04]} Bb7 {[%clk 0:03:05]} 4. Nc3
{[%clk 0:03:05]} f5 {[%clk 0:03:06]} 5. d5 {[%clk 0:03:06]} Nf6 {[%clk 0:03:08]}
6. g3 {[%clk 0:03:07]} Bd6 {[%clk 0:03:06]} 7. Bg2 {[%clk 0:03:08]} O-O
{[%clk 0:03:05]} 8. Nf3 {[%clk 0:03:06]} Na6 {[%clk 0:03:01]} 9. O-O
{[%clk 0:03:06]} Nc5 {[%clk 0:03:02]} 10. Nd4 {[%clk 0:03:01]} Qe7
{[%clk 0:02:57]} 11. b4 {[%clk 0:02:38]} Nce4 {[%clk 0:02:58]} 12. Bb2
{[%clk 0:02:38]} Nxc3 {[%clk 0:02:53]} 13. Bxc3 {[%clk 0:02:40]} Ne4
{[%clk 0:02:52]} 14. Bb2 {[%clk 0:02:30]} exd5 {[%clk 0:02:43]} 15. cxd5
{[%clk 0:02:24]} Bxd5 {[%clk 0:02:32]} 16. Rc1 {[%clk 0:02:19]} c6
{[%clk 0:02:23]} 17. Qd3 {[%clk 0:01:55]} g6 {[%clk 0:01:51]} 18. Rfd1
{[%clk 0:01:56]} Rae8 {[%clk 0:01:39]} 19. b5 {[%clk 0:01:54]} Bc5
{[%clk 0:01:36]} 20. e3 {[%clk 0:01:43]} h6 {[%clk 0:01:28]} 21. a4
{[%clk 0:01:41]} Kh7 {[%clk 0:01:29]} 22. h4 {[%clk 0:01:42]} Qf7
{[%clk 0:01:13]} 23. Ra1 {[%clk 0:00:49]} Re7 {[%clk 0:01:12]} 24. a5
{[%clk 0:00:39]} Rfe8 {[%clk 0:01:12]} 25. axb6 {[%clk 0:00:40]} axb6
{[%clk 0:01:13]} 26. Ra7 {[%clk 0:00:39]} Nxf2 {[%clk 0:00:54]} 27. Kxf2
{[%clk 0:00:38]} Rxe3 {[%clk 0:00:54]} 28. Bxd5 {[%clk 0:00:22]} Qxd5
{[%clk 0:00:49]} 29. Qxe3 {[%clk 0:00:22]} Rxe3 {[%clk 0:00:50]} 30. Kxe3
{[%clk 0:00:24]} cxb5 {[%clk 0:00:44]} 31. Rd3 {[%clk 0:00:20]} g5
{[%clk 0:00:41]} 32. hxg5 {[%clk 0:00:19]} hxg5 {[%clk 0:00:42]} 33. Kd2
{[%clk 0:00:19]} Kg6 {[%clk 0:00:11]} 34. Nf3 {[%clk 0:00:20]} Qe4
{[%clk 0:00:09]} 35. Raxd7 {[%clk 0:00:16]} f4 {[%clk 0:00:07]} 36. Ne5+
{[%clk 0:00:15]} Kh6 {[%clk 0:00:04]} 37. Nf7+ {[%clk 0:00:11]} Kh5
{[%clk 0:00:05]} 38. gxf4 {[%clk 0:00:10]} gxf4 {[%clk 0:00:04]} 39. Ne5
{[%clk 0:00:08]} Be3+ {[%clk 0:00:05]} 40. Kc2 {[%clk 0:00:09]} f3
{[%clk 0:00:04]} 41. Rf7 {[%clk 0:00:04]} f2 {[%clk 0:00:04]} 42. Rf8
{[%clk 0:00:03]} Qh7 {[%clk 0:00:03]} 43. Rf3 {[%clk 0:00:03]} Qe4
{[%clk 0:00:03]} 44. Rf8 {[%clk 0:00:03]} Qh7 {[%clk 0:00:04]} 45. Rf7
{[%clk 0:00:03]} Qxf7 {[%clk 0:00:05]} 46. Nxf7 {[%clk 0:00:05]} f1=Q
{[%clk 0:00:05]} 47. Rxe3 {[%clk 0:00:05]} Qc4+ {[%clk 0:00:05]} 48. Bc3
{[%clk 0:00:05]} Qxf7 {[%clk 0:00:06]} 49. Re5+ {[%clk 0:00:05]} Kg4
{[%clk 0:00:07]} 50. Re4+ {[%clk 0:00:05]} Kf3 {[%clk 0:00:07]} 51. Rb4
{[%clk 0:00:06]} Qd5 {[%clk 0:00:07]} 52. Rd4 {[%clk 0:00:07]} Qc5
{[%clk 0:00:07]} 53. Rd3+ {[%clk 0:00:08]} Ke4 {[%clk 0:00:07]} 54. Rd4+
{[%clk 0:00:04]} Qxd4 {[%clk 0:00:08]} 55. Bxd4 {[%clk 0:00:05]} Kxd4
{[%clk 0:00:09]} 56. Kb3 {[%clk 0:00:06]} Kc5 {[%clk 0:00:10]} 57. Kc3
{[%clk 0:00:08]} b4+ {[%clk 0:00:11]} 58. Kb3 {[%clk 0:00:09]} Kb5
{[%clk 0:00:13]} 0-1